| 000 | 00836nam0a22002531 4500 | ||
|---|---|---|---|
| 001 | rc\4301530 | ||
| 005 | 20250612042646.0 | ||
| 021 |
_aRU _b[68-90349] |
||
| 035 | _a(NLR Aleph) 008502356 | ||
| 090 |
_a8117107 _c8117107 |
||
| 100 | _a20130416d1968 |||y0rusy50 ca | ||
| 101 | 0 | _arus | |
| 102 | _aRU | ||
| 105 | _ay z ||||| | ||
| 200 | 1 | _aПроизводительность труда в странах социализма | |
| 210 |
_aМосква _cЭкономика _d1968 |
||
| 215 |
_a230 с. _d20 |
||
| 606 |
_aПроизводительность труда в странах социалистического лагеря _2psbo |
||
| 700 | 1 |
_aВарзин _bН.П. _gНиколай Прохорович |
|
| 801 | 0 |
_aRU _bNLR _gpsbo |
|
| 801 | 1 |
_aRU _bELAR _2rusmarc |
|
| 852 |
_aNLR _j68-3/7219 |
||
| 942 | _cBOOK | ||
| 980 | _aNB | ||